CTET/TET: (Record no. 183283)

MARC details
000 -LEADER
fixed length control field 00637 a2200181 4500
005 - DATE AND TIME OF LATEST TRANSACTION
control field 20211222120759.0
010 ## - LCCN (DPL NO)
LC control number ENG-130483
020 ## - INTERNATIONAL STANDARD BOOK NUMBER
International Standard Book Number 978-93-89811-56-8
Terms of availability 305.00
035 ## - SYSTEM CONTROL NUMBER
System control number EN-114015
037 ## - SOURCE OF ACQUISITION
Source of stock number/acquisition DBAD/PUB
082 ## - DEWEY DECIMAL CLASSIFICATION NUMBER
Classification number 507.1
Item number 1
100 ## - MAIN ENTRY--PERSONAL NAME
Personal name Prakash, Om
245 ## - TITLE STATEMENT
Title CTET/TET:
Remainder of title Subject-wise Magical Series Based on the latest Pattern/
Statement of responsibility, etc Om Prakash, Kanta Pradeep Pandit
260 ## - PUBLICATION, DISTRIBUTION, ETC. (IMPRINT)
Place of publication, distribution, etc Chennai
Name of publisher, distributor, etc McGraw Hill Education Private Limited
Date of publication, distribution, etc 2020
270 ## - ADDRESS
Address 441/1,Sri Ekambara Naicker Industrial Estate, Alapakkam Porur
City Chennai
Postal code 600116
300 ## - PHYSICAL DESCRIPTION
Extent 368p.
Dimensions 22cm (pbk)
942 ## - ADDED ENTRY ELEMENTS (KOHA)
Institution code [OBSOLETE] dpl
Item type English Books
Source of classification or shelving scheme Dewey Decimal Classification
Classification part 507.1
Call number suffix PRA
Holdings
Withdrawn status Lost status Not for loan Collection code Home library Current library Date acquired Source of acquisition Cost, normal purchase price Full call number Barcode Copy number Cost, replacement price Koha item type
      Non-fiction Central Library Central Library 22/12/2021 DBAD/PUB 305.00 507.1 PRA EN-114015 1 305.00 English Books

© Delhi Public Library
Hit Counter
free hit counter